| 000 | 00605nam a2200217Ia 4500 | ||
|---|---|---|---|
| 003 | OSt | ||
| 005 | 20230329104916.0 | ||
| 008 | 210423s2006 xx 000 0 und d | ||
| 020 | _a81-8094-023-3 | ||
| 040 | _cAL | ||
| 041 | _aeng | ||
| 082 |
_a575.1 _223 _bEMMA |
||
| 100 |
_aEMMANUEL (C);IGNACIMUTHU (S);VINCENT (S) _979451 |
||
| 245 | _aApplied genetics: recent trends and techniques | ||
| 260 |
_aChennai _bMJP Publishers _c2006 |
||
| 300 |
_axx,453 _bPB |
||
| 365 |
_b320 _cINR |
||
| 650 |
_aGenetics _979452 |
||
| 906 | _aApplied ; genetics: ; recent ; techniques ; trends | ||
| 942 |
_2ddc _cBK |
||
| 999 |
_c168836 _d168836 |
||